UM Logo

Are the rich necessary? (Record no. 3592)

MARC details
000 -LEADER
fixed length control field 00624nam a22002057a 4500
003 - CONTROL NUMBER IDENTIFIER
control field OSt
005 - DATE AND TIME OF LATEST TRANSACTION
control field 20160726184626.0
008 - FIXED-LENGTH DATA ELEMENTS--GENERAL INFORMATION
fixed length control field 160726b xxu||||| |||| 00| 0 eng d
020 ## - INTERNATIONAL STANDARD BOOK NUMBER
International Standard Book Number 978-0-9753662-0-2
040 ## - CATALOGING SOURCE
Transcribing agency LIC
082 ## - DEWEY DECIMAL CLASSIFICATION NUMBER
Edition number 2007
Classification number DC 330
Item number L58a
100 ## - MAIN ENTRY--PERSONAL NAME
9 (RLIN) 11950
Personal name Lewis, Hunter
245 ## - TITLE STATEMENT
Title Are the rich necessary?
Remainder of title great economic arguments and how they reflect our personal values/
Statement of responsibility, etc. Hunter Lewis.
260 ## - PUBLICATION, DISTRIBUTION, ETC. (IMPRINT)
Place of publication, distribution, etc. Mount Jackson, VA:
Name of publisher, distributor, etc. Axios Press,
Date of publication, distribution, etc. c2007.
300 ## - PHYSICAL DESCRIPTION
Extent viii, 277 pages;
Dimensions 21 cm.
500 ## - GENERAL NOTE
General note Includes index.
650 #0 - SUBJECT ADDED ENTRY--TOPICAL TERM
9 (RLIN) 11951
Topical term or geographic name as entry element Economics
650 #0 - SUBJECT ADDED ENTRY--TOPICAL TERM
9 (RLIN) 11952
Topical term or geographic name as entry element Social values
942 ## - ADDED ENTRY ELEMENTS (KOHA)
Source of classification or shelving scheme Dewey Decimal Classification
Koha item type Circulation
Holdings
Withdrawn status Lost status Source of classification or shelving scheme Damaged status Not for loan Collection code Home library Current library Date acquired Source of acquisition Total Checkouts Full call number Barcode Date last seen Copy number Price effective from Koha item type Date last checked out
    Dewey Decimal Classification     Circulation UM Digos College - LIC UM Digos College - LIC 04/22/2013 PLMP   DC 330 L58a 2007 22037 05/15/2025 2 07/26/2016 Circulation  
    Dewey Decimal Classification     Circulation UM Digos College - LIC UM Digos College - LIC 04/22/2013 PLMP 1 DC 330 L58a 2007 22036 05/15/2025 1 07/26/2016 Circulation 07/27/2017